00410nam a2200157Ia 4500003000400000008004100004040001600045082001300061100002100074245003700095700001600132260004900148300001000197490002900207650001600236GCL140319s9999 xx 000 0 eng d aGCL / cGCL04a510bK N1 aKENWOOD, MICHAEL10aMATHEMATICS / cKENWOOD, MICHAEL1 aMOSS, CYRIL a[S.N] : bLONGMAN GROUP UK LIMITED ، c1990 a310 P aLONGMAN REVIEW GUIDESv004aMATHEMATICS